Nie je predaj ako predaj Japonských oceliarov postihli neúspechy
Nepriaznivá situácia piatich najväčších výrobcov ocele v obchodnom roku 1993-1994. Hlavné príčiny strát: menší odbyt na domácom trhu a nevýhodné ceny. Recesia automobilového, elektrotechnického a strojárskeho priemyslu. Postavenie výrobcov ocele a výhľad do budúcnosti.
Guardado en:
| Autor principal: | |
|---|---|
| Formato: | Capítulo de libro |
| Lenguaje: | eslovaco |
| Materias: | |
| Etiquetas: |
Sin Etiquetas, Sea el primero en etiquetar este registro!
|
MARC
| LEADER | 00000naa a2200000 4500 | ||
|---|---|---|---|
| 001 | r015319 | ||
| 005 | 20221205090941.5 | ||
| 041 | 0 | |a slo | |
| 044 | |a SK | ||
| 245 | 1 | 0 | |a Nie je predaj ako predaj |b Japonských oceliarov postihli neúspechy |c J. Kálaj |
| 520 | |a Nepriaznivá situácia piatich najväčších výrobcov ocele v obchodnom roku 1993-1994. Hlavné príčiny strát: menší odbyt na domácom trhu a nevýhodné ceny. Recesia automobilového, elektrotechnického a strojárskeho priemyslu. Postavenie výrobcov ocele a výhľad do budúcnosti. | ||
| 610 | 2 | 0 | |a Japonsko |
| 610 | 2 | 0 | |a oceliarstvo |
| 610 | 2 | 0 | |a 1993-1994 |
| 610 | 2 | 0 | |a oceľ |
| 610 | 2 | 0 | |a odbyt |
| 610 | 2 | 0 | |a recesia |
| 100 | 1 | |a Kálaj, J. | |